| 000 | 00947cab a2200265 4500 | ||
|---|---|---|---|
| 001 | WB2415-19 | ||
| 008 | 090401t1988 xxu||||| |||| 00| 0 eng d | ||
| 035 | _a(Sirsi) u14767 | ||
| 041 | _aeng | ||
| 245 | _aRecovery in tort rejected | ||
| 260 | _c1988 | ||
| 350 | _a0 | ||
| 490 |
_aChartered Surveyor Weekly _vVol 23 No 2 14/4/88 p81-82 |
||
| 520 | _aA report of Greater Nottingham Co-Operative Society Ltd v Cementation Piling and Foundation Ltd and Others CA 23 March 1988, which concerned recovery of damages for economic loss arising from a breach of duty in tort . | ||
| 650 | _aBUILT ENVIRONMENT-BUILDING CONTRACT FORMS | ||
| 650 | _aCHINESE RESTAURANT | ||
| 650 | _aCLAIMS | ||
| 650 | _aDELAY | ||
| 650 | _aJUNIOR BOOKS LTD V VEITCHI CO LTD | ||
| 650 | _aMUIRHEAD V INDUSTRIAL TANK SPECIALITIES LTD | ||
| 650 | _aSIMAAN GENERAL CONTRACTING CO V PILKINGTON GLASS LTD | ||
| 690 | _aLAW | ||
| 942 | _n0 | ||
| 948 | _c04/03/1997 | ||
| 999 |
_c9639 _d9639 |
||